000 00839cab a2200253 4500
001 ABS55360
008 090401t1996 xxu||||| |||| 00| 0 eng d
035 _a(Sirsi) u15959
041 _aeng
100 _aRiley, M.
245 _aTenant in default - corporate recovery considerations
260 _c1996
350 _a0
490 _aRent Review & Lease Renewal
_v16(2) June 1996, 21-28(8)
520 _aOutlines the corporate recovery considerations arising from tenant default. Includes a list of warning signs to watch out for and a checklist of points to be followed once a tenant has defaulted.
650 _aCOMPANY FAILURES
650 _aDEFAULTERS
650 _aInsolvency
_96247
650 _aTENANT DEFAULTERS
650 _aTENANTS
690 _aPROPERTY-LANDLORD AND TENANT
942 _n0
948 _c04/03/1997
999 _c10504
_d10504